000 00829nam a2200253Ia 4500
003 OSt
005 20220923214554.0
006 a|||||r|||| 00| 0
007 ta
008 220922b |||||||| |||| 00| 0 hin d
024 _a170,936
037 _cTextual
040 _aARTS
_cARTS
_bhin
041 _2hin
_ahin
082 _aO152,3N11,NK:g, L5;N2
100 _aठाकुर, देवेश
_9156290
245 0 _aनदी के Ÿीप की रचना प्रक्रिया
246 _aNadī ke Ÿīp kī rachanā prakriyā
250 _aसंस्क0 2
260 _aबम्बई
_b संकल्प प्रकाशन
_c1992
300 _a128पृ.
_ccm.
942 _hO152,3N11,NK:g, L5;N2
_cTEXL
_2CC
999 _c325177
_d325177